| 000 | 00596nam a2200121Ia 4500 | ||
|---|---|---|---|
| 008 | 220615s9999||||xx |||||||||||||| ||und|| | ||
| 100 | _aV. Lal, Brij | ||
| 245 | 2 | _aA Vision for Change: AD Patrel and the Politics of Fiji | |
| 546 | _aEnglish[eng] | ||
| 650 | _a20th century||politics and government||history||fiji||A. D. Patel||Fijians||India||Indo-Fijians||Patel | ||
| 856 | _uhttps://library.oapen.org/bitstream/20.500.12657/33592/1/459772.pdf||https://library.oapen.org/bitstream/20.500.12657/33592/1/459772.pdf||https://library.oapen.org/bitstream/20.500.12657/33592/1/459772.pdf | ||
| 942 | _cEB | ||
| 999 |
_c8996 _d8996 |
||